LEADER 01149nas 2200385 c 450 001 9910893835403321 005 20260218111542.0 035 $a(CKB)5280000000201758 035 $a(DE-599)ZDB2846419-9 035 $a(OCoLC)1099926122 035 $a(DE-101)1082315338 035 $a(DE-599)2846419-9 035 $a(EXLCZ)995280000000201758 100 $a20160210b20162018 |y | 101 0 $ager 135 $aur||||||||||| 181 $ctxt$2rdacontent 182 $cc$2rdamedia 183 $acr$2rdacarrier 200 00$aJüdisches Adressbuch für Gross-Berlin 210 31$aMu?nchen$cAncestry.com Deutschland GmbH$aBerlin$cZentral- und Landesbibliothek Berlin$d[2016-2018] 215 $aOnline-Ressource 300 $aDigitalisiert von: Berlin : Zentral- und Landesbibliothek Berlin, 2012-2018 300 $aReproduktion 608 $aZeitschrift$2gnd-content 676 $a914.3 676 $a290 686 $aJUDAICA$qDE-30$2fid 801 0$b1140 801 1$bDE-101 801 2$b0030 906 $aJOURNAL 912 $a9910893835403321 996 $aJu?disches Adressbuch fu?r Gross-Berlin$94233853 997 $aUNINA